La vie de nasdas - Statistiques

Statistiques générales
  • Ce quiz a été pris 67 fois
  • Le résultat moyen est 9 sur 15
Statistiques - réponses
Hint Réponse % Correct
Qui est le fils adoptif de nasdas 4bdv
100%
Comment s’appelle le fils de nasdas Aylan
100%
Quel est le vrai nom de nasdas Nasser
100%
Combien nasdas a t il de frère et sœur 2
98%
Qui est le chauffeur de nasdas Bilel
83%
Qui est le vrai père d’aylan Tounsi
83%
Qui est le meilleur pote de nasdas Tounsi
83%
Quel est le quartier de nasdas Saint jacques
81%
Quelle personne nasdas avait engagé pour donner des cours de français à mansour ? Coco
62%
Body count de nasdas 80
50%
Quel âge a nasdas 29 ans
26%
Avec qui nasdas a trompé Morgane Hena
24%
Comment s’appellent les chiens de nasdas Oxo athena
21%
Comment s’appelle le cheval que nasdas a acheté à mouss Gotham
16%
Ou va nasdas pendant ses temps libres Jonquera
10%
Aucun quiz correspondant
Distribution des résultats
% des personnes avec chaque résultat
Percentile par nombre de réponses
Votre historique - résultats
Vous n’avez pas pris ce quiz